书目信息 |
| 题名: |
概率论与数理统计
|
|
| 作者: | 温广玉 , 徐文科 主编 | |
| 分册: | ||
| 出版信息: | 哈尔滨 东北林业大学出版社 2005.04 |
|
| 页数: | 367页 | |
| 开本: | 19cm | |
| 丛书名: | ||
| 单 册: | ||
| 中图分类: | O21 | |
| 科图分类: | ||
| 主题词: | 概率论--gai lu lun--高等学校--教材 , 数理统计--shu li tong ji--高等学校--教材 | |
| 电子资源: | ||
| ISBN: | 7-81076-003-3 | |
| 000 | 00907nam0 2200265 450 | |
| 001 | 012007368139 | |
| 005 | 20070509093707.40 | |
| 010 | @a7-81076-003-3@dCNY15.00 | |
| 100 | @a20070409d2005 km y0chiy0120 ea | |
| 101 | 0 | @achi |
| 102 | @aCN@b230000 | |
| 105 | @aa a 000yy | |
| 200 | 1 | @a概率论与数理统计@Agai lu lun yu shu li tong ji@f温广玉, 徐文科主编@Fwen guang yu,xu wen ke zhu bian |
| 205 | @a第4版 | |
| 210 | @a哈尔滨@c东北林业大学出版社@d2005.04 | |
| 215 | @a367页@c图@d19cm | |
| 320 | @a有书目 (第367页)。 | |
| 330 | @a本书介绍了随机事件与概率、随机变量及其分布、多维随机变量、数理统计基本概念、回归分析、试验设计等11章内容。 | |
| 606 | 0 | @a概率论@Agai lu lun@x高等学校@j教材 |
| 606 | 0 | @a数理统计@Ashu li tong ji@x高等学校@j教材 |
| 690 | @aO21@v4 | |
| 701 | 0 | @a温广玉@Awen guang yu@4主编 |
| 701 | 0 | @a徐文科@Axu wen ke@4主编 |
| 801 | 0 | @aCN@c20070509 |
| 905 | @a10447@dO21@eW618 | |
| 概率论与数理统计/温广玉, 徐文科主编.-第4版.-哈尔滨:东北林业大学出版社,2005.04 |
| 367页:图;19cm |
| ISBN 7-81076-003-3:CNY15.00 |
| 本书介绍了随机事件与概率、随机变量及其分布、多维随机变量、数理统计基本概念、回归分析、试验设计等11章内容。 |
| ● |
| 相关链接 |
|
|
|
正题名:概率论与数理统计
索取号:O21/W618
 
预约/预借
| 序号 | 登录号 | 条形码 | 馆藏地/架位号 | 状态 | 备注 |
| 1 | 240186 | 202401864 | 自科库401/401自科库 46排6列5层/ [索取号:O21/W618] | 在馆 | |
| 2 | 240187 | 202401873 | 自科库401/401自科库 46排6列5层/ [索取号:O21/W618] | 在馆 |